000
00370nam a2200181Ia 4500
100
_a
Ableson/Frank W/ Sen Robi
650
_a
Android
250
_a
3
942
_c
BK
366
_f
27
654
_a
android
245
_a
Android in action
260
_b
Dreamtech
_c
2012
082
_a
5.133
_b
ABL
300
_a
632
546
_a
ENGLISH
_c
electronics
999
_c
20467
_d
20467